កំណែ លំហាត់លីំមីត ថ្នាក់ទី១២ / (Record no. 6673)
[ view plain ]
| 000 -LEADER | |
|---|---|
| fixed length control field | 01652nam a22002297a 4500 |
| 001 - CONTROL NUMBER | |
| control field | 6673 |
| 003 - CONTROL NUMBER IDENTIFIER | |
| control field | FISKH |
| 005 - DATE AND TIME OF LATEST TRANSACTION | |
| control field | 20250520101531.0 |
| 008 - FIXED-LENGTH DATA ELEMENTS--GENERAL INFORMATION | |
| fixed length control field | 250520b cb ||||| |||| 00| 0 eng d |
| 040 ## - CATALOGING SOURCE | |
| Original cataloging agency | FISKH |
| Language of cataloging | khr |
| Transcribing agency | FISKH |
| Modifying agency | FISKH |
| 082 ## - DEWEY DECIMAL CLASSIFICATION NUMBER | |
| Classification number | 510 |
| 100 ## - MAIN ENTRY--PERSONAL NAME | |
| Personal name | Som Art , Chan |
| 245 ## - TITLE STATEMENT | |
| Title | កំណែ លំហាត់លីំមីត ថ្នាក់ទី១២ / |
| Statement of responsibility, etc. | រៀបរៀងដោយ : ចាន់ សំអាត , ត្រួតពិនិត្យដោយ លោក ម៉េន រ៉ាដេត ,លោក អំ ធួន និងលោក ហុឺម បុត្រា |
| 260 ## - PUBLICATION, DISTRIBUTION, ETC. | |
| Place of publication, distribution, etc. | ភ្នំពេញ : |
| Name of publisher, distributor, etc. | បាក់ទូក ថតចំលង , |
| Date of publication, distribution, etc. | ២១០២ . |
| 300 ## - PHYSICAL DESCRIPTION | |
| Extent | 148 pages : |
| Other physical details | illustrations ; |
| Dimensions | 15 cm . |
| 520 ## - SUMMARY, ETC. | |
| Summary, etc. | សៀវភៅ កំណែលំហាត់លីមីត ថ្នាក់ទី១២នេះជាជំនួយដល់សិស្សសម្រាប់ត្រៀមប្រឡង សិស្សពូកែ អាហារុបករណ៏ ប្រលងចូលសាលាពេទ្យ និងប្រឡងចូលវិទ្យាស្ថានជាតិអប់រំ ។ |
| 520 ## - SUMMARY, ETC. | |
| Summary, etc. | This book of limit exercise solutions for Grade 12 serves as a helpful resource for students preparing for outstanding student competitions, scholarship exams, medical school entrance exams, and the National Institute of Education entrance exam." |
| 650 ## - SUBJECT ADDED ENTRY--TOPICAL TERM | |
| Topical term or geographic name entry element | លីមីត |
| Form subdivision | គណិតវិទ្យា ថ្នាក់ទី១២ |
| 650 ## - SUBJECT ADDED ENTRY--TOPICAL TERM | |
| Topical term or geographic name entry element | លីមីត |
| Form subdivision | Mathematic grade 12 |
| 942 ## - ADDED ENTRY ELEMENTS (KOHA) | |
| Source of classification or shelving scheme | Dewey Decimal Classification |
| Koha item type | Khmer Books |
| Suppress in OPAC | No |
| Withdrawn status | Lost status | Source of classification or shelving scheme | Damaged status | Not for loan | Collection | Home library | Current library | Shelving location | Date acquired | Total Checkouts | Full call number | Barcode | Date last seen | Price effective from | Koha item type |
|---|---|---|---|---|---|---|---|---|---|---|---|---|---|---|---|
| Dewey Decimal Classification | Khmer Language Books / សៀវភៅភាសាខ្មែរ | Footprints International School Library Network Toul Tom Poung Campus | Footprints International School Library Network Toul Tom Poung Campus | TTP Secondary Khmer Bookshelves | 05/20/2025 | SOM 510 | 2025-1335 | 05/20/2025 | 05/20/2025 | Khmer Books |
